| 000 | 00530nam a2200205 a 4500 | ||
|---|---|---|---|
| 001 | 16481 | ||
| 003 | CO-ViMGA | ||
| 008 | 141112s2004 ck r 000 u spa d | ||
| 020 | _a8888405054 | ||
| 040 |
_aCO-ViMGA _bspa _cCO-ViMGA |
||
| 082 | 0 | 4 | _a853.91 P183d |
| 100 | 1 |
_aPavece, Cesare _923526 |
|
| 245 | 1 | 0 | _aDe tu tierra |
| 260 |
_aCesena (Italia) : _b2002 |
||
| 300 | _a127.p. | ||
| 490 | _aUn mar de sueños | ||
| 590 | _aForma de adquisición : Premio - Mincultura | ||
| 650 | 1 | 4 |
_aNOVELA ITALIANA _92688 |
| 942 |
_2ddc _cBK |
||
| 999 |
_c26300 _d26300 |
||